000 00440nam a2200133Ia 4500
008 231129s2012||||xx |||||||||||||| ||spa||
020 _a978-958-761-216-5
082 _a808.543 G869a
100 _aGrisales Castaño Juan Carlos 1973-
245 0 _aApuntes sobre el arte de contar historias
260 _c2012
264 _aBogotá : Universidad Nacional de Colombia facultad de artes.
942 _2ddc
_cBKS
999 _c5515
_d5515